000 00517cam a2200193ua 4500
020 _a81 203 1465 4
_c295.00
041 _aeng
_h
082 _a005.7406
_bHAN/DA
100 _aHansen, Gary W .
245 _aDatabase management and design /
_cGary W Hansen.
_hTextual Documents
250 _a2 /
_b.
260 _aNew Delhi :
_bPrentice Hall of India Pvt Ltd. ,
_c2000.
300 _a582 ; .
365 _a295.00
504 _a
700 1 _aHansen, James V .
942 _cBK
999 _c9519
_d9519